000 00963nam a2200193 a 4500
008 090302s2001 ||||||||||||||||| || u
050 _aPAPERS/EXT/MULENGA/2001
100 _aMulenga, W. A
245 1 4 _aThe industrial property system of Zambia
_cA paper presention by W. A. Mulenga, Zambia Patent Office
260 _aLusaka:
_bEPO
_c2001
300 _a40 pages
350 _a0.00
650 _aPATENT LAWS AND LEGISTLATION--ZAMBIA
710 _aEuropean Patent Office (EPO)
710 _aAfrica Regional Industrial Property Organisation (ARIPO)
710 _aGovernment of the Republic of Zambia. Zambia Patent Office
995 _aSPECIAL COLLECTIONS
_D0.00
_e03003753
_FCBU-MAIN LIBRARY (Kitwe)
_H1
_I0.00
_jPAPERS/EXT/MULENGA/2001
_M1
_UAVAILABLE
_WMar 2, 2009
_y03003753
_ZUniversity Collection
995 _aSPECIAL COLLECTIONS
_D0.00
_e03004723
_FCBU-MAIN LIBRARY (Kitwe)
_H1
_I0.00
_jGOV.ZAM.C6(01)ARIPO/3
_M3
_UAVAILABLE
_WOct 22, 2009
_yZ03004723
_ZZambiana Collection
999 _c76501
_d76501